| 000 | 00358nam a2200145Ia 4500 | ||
|---|---|---|---|
| 008 | 240624s9999 xx 000 0 und d | ||
| 041 | _aeng | ||
| 082 | _a302.35 ROB | ||
| 100 | _aROBBINS STEPHEN P | ||
| 245 | _aORGANIZATIONAL BEHAVIOR | ||
| 250 | _a(11th ed.) | ||
| 260 |
_c2006 _aDelhi _bPearson Education |
||
| 300 | _axxiv, : 622p. ; 28cm. | ||
| 365 | _cRS | ||
| 999 |
_c5093 _d5093 |
||